[Event "Manhem Chessweek"]
[Site "Biblioteksgatan 2, Mölnlycke"]
[Date "2015.08.08"]
[Round "1.1"]
[White "Blomqvist, Erik"]
[Black "Wiedenkeller, Michael"]
[Result "0-1"]
[WhiteElo "2508"]
[BlackElo "2453"]
[PlyCount "112"]
[EventDate "2015.08.08"]

1. c4 Nf6 2. Nf3 e6 3. g3 d5 4. Bg2 dxc4 5. Qa4+ Nbd7 6. Qxc4 c5 7. d3 a6 8.
Qb3 Bd6 9. a4 O-O 10. a5 Nb8 11. Nfd2 Nc6 12. Bxc6 bxc6 13. Nc4 Rb8 14. Qc2 Nd5
15. Nxd6 Qxd6 16. Nd2 Rb5 17. Nc4 Qc7 18. f4 f6 19. O-O Rd8 20. Bd2 Nb4 21. Qc1
Nd5 22. Qe1 Bd7 23. Qf2 Be8 24. Rfc1 Bh5 25. h3 Qe7 26. Rf1 Nb4 27. Rac1 Na2
28. Rcd1 Nb4 29. Bc3 Nd5 30. Bd2 Nb4 31. Qg2 Qd7 32. Kh2 Qd5 33. Qf2 Nxd3 34.
exd3 Bxd1 35. Rxd1 Qxd3 36. Rc1 Rd4 37. Rc3 Qb1 38. Qe2 Re4 39. Re3 Rxe3 40.
Qxe3 Qc2 41. Qxe6+ Kf8 42. Qc8+ Ke7 43. Qc7+ Kf8 44. Qd8+ Kf7 45. Nd6+ Ke6 46.
f5+ Ke5 47. Qe7+ Kd4 48. Qe3+ Kd5 49. Nc8 c4 50. Ne7+ Kd6 51. Qe6+ Kc7 52. Qc8+
Kd6 53. Qd8+ Kc5 54. Qd7 Qxb2 55. Qxc6+ Kd4 56. Qd6+ Ke4 0-1

[Event "Manhem Chessweek"]
[Site "Biblioteksgatan 2, Mölnlycke"]
[Date "2015.08.08"]
[Round "1.2"]
[White "Hillarp Persson, Tiger"]
[Black "Rozentalis, Eduardas"]
[Result "1/2-1/2"]
[WhiteElo "2541"]
[BlackElo "2528"]
[PlyCount "116"]
[EventDate "2015.08.08"]

1. d4 Nf6 2. c4 e6 3. Nc3 Bb4 4. e3 O-O 5. Bd3 d5 6. Nf3 c5 7. O-O Nc6 8. a3
Bxc3 9. bxc3 dxc4 10. Bxc4 Qc7 11. Bb2 e5 12. h3 b6 13. Bb5 e4 14. Nd2 Na5 15.
c4 cxd4 16. Bxd4 Qe7 17. c5 Bf5 18. cxb6 axb6 19. Qb1 Qe6 20. Rd1 Nd5 21. Nf1
Bg6 22. Qb2 f6 23. Ng3 Rfc8 24. Rac1 h5 25. Ne2 Be8 26. Bxe8 Rxc1 27. Rxc1 Rxe8
28. Qb5 Rd8 29. Bb2 Qd7 30. Qxd7 Rxd7 31. Ng3 Rc7 32. Rxc7 Nxc7 33. Nxe4 Nc4
34. Bc1 Nd5 35. Kf1 b5 36. Ke2 b4 37. axb4 Nxb4 38. Nd2 Nxd2 39. Bxd2 Nc6 40.
Kd3 Kf7 41. Bc3 Ke6 42. e4 g6 43. Ke3 f5 44. f3 fxe4 45. Kxe4 Nd8 46. Kf4 Nf7
47. h4 Ke7 48. Bg7 Ke6 49. Bb2 Ke7 50. g4 hxg4 51. fxg4 Ke6 52. h5 gxh5 53.
gxh5 Ke7 54. Kf5 Kf8 55. Kg6 Kg8 56. Bc1 Nh8+ 57. Kf6 Nf7 58. Bf4 Nh8 1/2-1/2

[Event "Manhem Chessweek"]
[Site "Biblioteksgatan 2, Mölnlycke"]
[Date "2015.08.08"]
[Round "1.3"]
[White "Westerberg, Jonathan"]
[Black "Smith, Axel"]
[Result "1/2-1/2"]
[WhiteElo "2464"]
[BlackElo "2457"]
[PlyCount "183"]
[EventDate "2015.08.08"]

1. c4 c5 2. Nf3 Nf6 3. Nc3 Nc6 4. d4 cxd4 5. Nxd4 e6 6. Ndb5 d5 7. Bf4 d4 8.
Nc7+ Ke7 9. Nxa8 dxc3 10. bxc3 e5 11. Qxd8+ Kxd8 12. Rd1+ Bd7 13. Be3 Kc8 14.
g4 Bxg4 15. Bg2 Be7 16. Rb1 Bf5 17. Rb5 Be4 18. Bxe4 Nxe4 19. Bxa7 Nxa7 20.
Rxe5 Bd8 21. Rxe4 Kb8 22. Rd4 Kxa8 23. Rd7 Nc6 24. Rxf7 Bf6 25. Rd7 Bxc3+ 26.
Kf1 Bf6 27. Kg2 Ne5 28. Rd4 Rc8 29. Rc1 Rc5 30. a4 Kb8 31. e3 Kc7 32. f4 Nd7
33. Rd5 Rc6 34. e4 Nb6 35. Rdd1 Nxc4 36. e5 Be7 37. Kf3 Ba3 38. Rb1 g6 39. Rd3
b6 40. Rbd1 Kb7 41. Rd7+ Ka6 42. Rxh7 Nb2 43. Rd8 Ka5 44. Ra7+ Kb4 45. Rd6 Rc3+
46. Kg4 Nc4 47. Rxg6 Rc2 48. h4 Rg2+ 49. Kh5 Rf2 50. Rf6 Bb2 51. Rff7 Re2 52.
Rf6 Bd4 53. Ra8 Rh2 54. Kg4 Rg2+ 55. Kh3 Rg1 56. Rff8 Rh1+ 57. Kg3 Rg1+ 58. Kh2
Nd2 59. Rg8 Rf1 60. e6 Bc5 61. Rg7 Rxf4 62. e7 Bxe7 63. Rxe7 Rxh4+ 64. Kg3 Rd4
65. Rb7 Nc4 66. a5 Nxa5 67. Rxb6+ Kc5 68. Rh6 Nc6 69. Kf3 Rd6 70. Rh1 Rd3+ 71.
Ke4 Rd4+ 72. Ke3 Rc4 73. Rh5+ Kb6 74. Rg8 Rc3+ 75. Kd2 Rc5 76. Rh6 Rd5+ 77. Ke3
Re5+ 78. Kf4 Rd5 79. Rgg6 Rc5 80. Ke4 Re5+ 81. Kf4 Rc5 82. Rg1 Rd5 83. Rb1+ Rb5
84. Rxb5+ Kxb5 85. Ke4 Kc5 86. Rh5+ Kc4 87. Rh1 Kc5 88. Rd1 Nb4 89. Rc1+ Kd6
90. Rc3 Nc6 91. Rc4 Ne7 92. Rd4+ 1/2-1/2

[Event "Manhem Chessweek"]
[Site "Biblioteksgatan 2, Mölnlycke"]
[Date "2015.08.08"]
[Round "1.4"]
[White "Hultin, Johan"]
[Black "Fries-Nielsen, Jens Ove"]
[Result "1/2-1/2"]
[WhiteElo "2355"]
[BlackElo "2434"]
[PlyCount "80"]
[EventDate "2015.08.08"]

1. d4 g6 2. e4 Bg7 3. c4 e6 4. Nc3 Ne7 5. Bg5 h6 6. Bh4 d6 7. f4 g5 8. fxg5 Ng6
9. Bf2 hxg5 10. Be3 f5 11. exf5 exf5 12. Bd3 O-O 13. Qh5 Qe8 14. Kd2 f4 15. Bf2
Bf5 16. Re1 Qd7 17. Nf3 Bxd3 18. Nxg5 Ne5 19. dxe5 dxe5 20. Nd5 c6 21. Ne7+
Qxe7 22. Kxd3 Qd7+ 23. Ke2 Qf5 24. Rd1 e4 25. Bd4 f3+ 26. gxf3 exf3+ 27. Kf1
Qc2 28. Qh7+ Qxh7 29. Nxh7 Kxh7 30. Rg1 Bh6 31. Bc5 Rf7 32. Rd8 Nd7 33. Rxa8
Nxc5 34. Re8 Nd7 35. Rg3 Bg7 36. b3 Be5 37. Rg5 Bf4 38. Rg4 Be5 39. Rg5 Bf4 40.
Rg4 Be5 1/2-1/2

[Event "Manhem Chessweek"]
[Site "Biblioteksgatan 2, Mölnlycke"]
[Date "2015.08.08"]
[Round "1.5"]
[White "Johansson, Linus"]
[Black "Zelbel, Patrick"]
[Result "1/2-1/2"]
[WhiteElo "2379"]
[BlackElo "2450"]
[PlyCount "74"]
[EventDate "2015.08.08"]

1. d4 Nf6 2. c4 c5 3. d5 b5 4. cxb5 a6 5. bxa6 g6 6. Nc3 Bg7 7. e3 O-O 8. Nf3
Qa5 9. Bd2 Bxa6 10. Be2 Bxe2 11. Qxe2 Qa6 12. Rb1 e6 13. dxe6 fxe6 14. b3 d5
15. a4 Nc6 16. Qxa6 Rxa6 17. O-O Rb8 18. Rfc1 Na7 19. Be1 Rab6 20. Nd2 Nd7 21.
Kf1 Ne5 22. Ke2 Nec6 23. a5 Nxa5 24. Na4 Nxb3 25. Rxb3 Rxb3 26. Nxb3 Rxb3 27.
Nxc5 Rb2+ 28. Kf1 Rb6 29. g4 Rc6 30. Bd2 Nb5 31. Nd3 Rxc1+ 32. Bxc1 Kf7 33. Bb2
Bxb2 34. Nxb2 e5 35. Nd3 Ke6 36. f4 e4 37. Nc1 d4 1/2-1/2

[Event "Manhem Chessweek"]
[Site "Biblioteksgatan 2, Mölnlycke"]
[Date "2015.08.09"]
[Round "2.1"]
[White "Blomqvist, Erik"]
[Black "Hillarp Persson, Tiger"]
[Result "1/2-1/2"]
[WhiteElo "2508"]
[BlackElo "2541"]
[PlyCount "36"]
[EventDate "2015.08.08"]

1. e4 g6 2. d4 Bg7 3. Nf3 d6 4. Nc3 a6 5. Be3 b5 6. Bd3 Nd7 7. e5 Nb6 8. O-O
Nh6 9. Re1 O-O 10. Qe2 Bb7 11. Rad1 Qc8 12. h3 Nf5 13. Ne4 Nxe3 14. Qxe3 f6 15.
exf6 exf6 16. c3 Qd7 17. Qf4 Rae8 18. Ned2 f5 1/2-1/2

[Event "Manhem Chessweek"]
[Site "Biblioteksgatan 2, Mölnlycke"]
[Date "2015.08.09"]
[Round "2.2"]
[White "Wiedenkeller, Michael"]
[Black "Zelbel, Patrick"]
[Result "1/2-1/2"]
[WhiteElo "2453"]
[BlackElo "2450"]
[PlyCount "166"]
[EventDate "2015.08.08"]

1. d4 f5 2. c4 Nf6 3. Nc3 g6 4. f3 c5 5. d5 d6 6. e4 fxe4 7. fxe4 Bg7 8. Nf3
Bg4 9. Be2 Bxf3 10. gxf3 O-O 11. O-O Na6 12. f4 Nc7 13. Be3 Nd7 14. Qd2 Qe8 15.
Bg4 Rd8 16. Rad1 Nf6 17. Be6+ Kh8 18. Kh1 b5 19. cxb5 Nxb5 20. e5 Nh5 21. Bg4
Nxc3 22. bxc3 dxe5 23. fxe5 Bxe5 24. Rxf8+ Qxf8 25. Bxc5 Nf6 26. Bf3 Nd7 27.
Qe3 Rc8 28. Bd4 Bxd4 29. Qxd4+ Qf6 30. Bg4 Qxd4 31. Rxd4 Rc7 32. Bxd7 Rxd7 33.
Kg2 Rc7 34. c4 Kg7 35. Kf3 Kf6 36. Ke4 Rc5 37. Kd3 Ra5 38. Rf4+ Ke5 39. Re4+
Kd6 40. Re2 Ra3+ 41. Kd4 Ra4 42. h4 Kd7 43. Kc5 Ra3 44. Kb5 Rd3 45. Re5 Ra3 46.
Re2 Rd3 47. Kc5 Rh3 48. Re4 Ra3 49. Rf4 Ra5+ 50. Kd4 Rxa2 51. Rf7 h6 52. Rh7 h5
53. c5 Rd2+ 54. Kc4 a6 55. Rg7 Rg2 56. d6 Re2 57. dxe7 Rc2+ 58. Kd4 Rd2+ 59.
Kc4 Rc2+ 60. Kb4 Rb2+ 61. Ka3 Rc2 62. Kb4 Rb2+ 63. Kc3 Re2 64. Rxg6 Kxe7 65.
Rh6 Kd7 66. Rxa6 Re4 67. Rd6+ Kc7 68. Rd4 Rxd4 69. Kxd4 Kc6 70. Kc4 Kc7 71. Kd5
Kd7 72. Ke4 Kc6 73. Kd4 Kc7 74. Kd5 Kd7 75. c6+ Kc7 76. Kc5 Kc8 77. Kd6 Kd8 78.
Ke6 Kc7 79. Kf5 Kxc6 80. Kg5 Kd7 81. Kxh5 Ke7 82. Kg6 Kf8 83. h5 Kg8 1/2-1/2

[Event "Manhem Chessweek"]
[Site "Biblioteksgatan 2, Mölnlycke"]
[Date "2015.08.09"]
[Round "2.3"]
[White "Fries-Nielsen, Jens Ove"]
[Black "Johansson, Linus"]
[Result "1/2-1/2"]
[WhiteElo "2434"]
[BlackElo "2379"]
[PlyCount "102"]
[EventDate "2015.08.08"]

1. d4 e6 2. Bf4 b6 3. e4 Bb7 4. Nd2 d5 5. exd5 Bxd5 6. Ngf3 Bb7 7. Bb5+ c6 8.
Bd3 Nf6 9. O-O Be7 10. a4 Ba6 11. Bxa6 Nxa6 12. Qe2 Nb4 13. Nc4 O-O 14. Nce5
Rc8 15. Rfd1 Nbd5 16. Bd2 Qc7 17. c4 Nb4 18. Bc3 h6 19. Re1 a5 20. b3 Qb7 21.
Rad1 Na6 22. Ng6 fxg6 23. Qxe6+ Rf7 24. Ne5 Rcf8 25. Nxc6 Bb4 26. Bxb4 Nxb4 27.
Ne5 Kh7 28. Nxf7 Rxf7 29. d5 Na6 30. Qd6 Nc5 31. f3 Qc7 32. Qxc7 Rxc7 33. Rb1
Kg8 34. Re3 Na6 35. Re6 Rb7 36. Rbe1 Nc5 37. R6e3 Kf8 38. Rb1 Na6 39. Rbe1 Rb8
40. Kf2 g5 41. Ke2 g4 42. Kd2 gxf3 43. gxf3 Nc5 44. Kc3 Rb7 45. R1e2 Ra7 46.
Re1 Kf7 47. R1e2 Kf8 48. Re1 Kf7 49. R1e2 Kf8 50. Re1 Kf7 51. R1e2 Kf8 1/2-1/2

[Event "Manhem Chessweek"]
[Site "Biblioteksgatan 2, Mölnlycke"]
[Date "2015.08.09"]
[Round "2.4"]
[White "Smith, Axel"]
[Black "Hultin, Johan"]
[Result "1-0"]
[WhiteElo "2457"]
[BlackElo "2355"]
[PlyCount "63"]
[EventDate "2015.08.08"]

1. c4 Nf6 2. Nc3 d5 3. cxd5 Nxd5 4. g3 Nxc3 5. bxc3 c5 6. Bg2 g6 7. Rb1 Nc6 8.
Qa4 Bg7 9. Ba3 Qd6 10. Qb5 O-O 11. Qxc5 Qe6 12. Qd5 Qf6 13. Nf3 Rd8 14. Qb3 Be6
15. Qa4 Bxa2 16. Rxb7 Bd5 17. O-O Qe6 18. Rb5 h6 19. Re1 Rab8 20. Rxb8 Rxb8 21.
Bc5 Qe4 22. Qxe4 Bxe4 23. c4 a5 24. d3 Bxf3 25. Bxf3 Nd4 26. Be4 a4 27. Bxe7 a3
28. Bxa3 Nc2 29. Bd6 Rd8 30. Bc7 Rd7 31. Ba5 Ra7 32. Bb6 1-0

[Event "Manhem Chessweek"]
[Site "Biblioteksgatan 2, Mölnlycke"]
[Date "2015.08.09"]
[Round "2.5"]
[White "Rozentalis, Eduardas"]
[Black "Westerberg, Jonathan"]
[Result "1/2-1/2"]
[WhiteElo "2528"]
[BlackElo "2464"]
[PlyCount "57"]
[EventDate "2015.08.08"]

1. e4 e6 2. d4 d5 3. Nd2 Nf6 4. e5 Nfd7 5. Bd3 c5 6. c3 b6 7. Ne2 Ba6 8. Bxa6
Nxa6 9. O-O Nc7 10. Nf4 c4 11. Qg4 b5 12. Nf3 g6 13. h4 h6 14. b3 Be7 15. a4 a6
16. Ba3 Bxa3 17. Rxa3 Qe7 18. Rfa1 O-O 19. axb5 cxb3 20. Rxb3 axb5 21. Re1 Kh7
22. Kh2 Ra2 23. Qg3 Rfa8 24. Nd3 R2a3 25. Rxa3 Rxa3 26. Nb4 Nb6 27. Nd2 Ne8 28.
h5 Ng7 29. hxg6+ 1/2-1/2

[Event "Manhem Chessweek"]
[Site "Biblioteksgatan 2, Mölnlycke"]
[Date "2015.08.09"]
[Round "3.1"]
[White "Hillarp Persson, Tiger"]
[Black "Wiedenkeller, Michael"]
[Result "1/2-1/2"]
[WhiteElo "2541"]
[BlackElo "2453"]
[PlyCount "99"]
[EventDate "2015.08.08"]

1. d4 Nf6 2. c4 e6 3. Nc3 Bb4 4. e3 O-O 5. Bd3 d5 6. Nf3 c5 7. O-O cxd4 8. exd4
dxc4 9. Bxc4 b6 10. Qe2 Bb7 11. Bg5 Nbd7 12. Ne5 Rc8 13. Rac1 Be7 14. Rfd1 h6
15. Bf4 Nxe5 16. dxe5 Nd5 17. Bxd5 exd5 18. Nxd5 Bxd5 19. Rxc8 Qxc8 20. Rxd5
Qf5 21. g3 Qb1+ 22. Kg2 Qxa2 23. Rd7 Bc5 24. Qd2 Qa4 25. Qd3 a5 26. h4 Qc6+ 27.
Qd5 Qg6 28. Qd3 Qxd3 29. Rxd3 f6 30. exf6 Rxf6 31. Rd2 Re6 32. Kf3 Kf7 33. Be3
Bxe3 34. fxe3 Re5 35. Rd7+ Kf8 36. Kf4 Rb5 37. e4 Rxb2 38. e5 a4 39. Ra7 b5 40.
Kf5 Rb3 41. g4 a3 42. g5 hxg5 43. hxg5 Rc3 44. Ke6 Rc8 45. Rxa3 b4 46. Rh3 Re8+
47. Kd6 Rd8+ 48. Ke6 Re8+ 49. Kd6 Rd8+ 50. Ke6 1/2-1/2

[Event "Manhem Chessweek"]
[Site "Biblioteksgatan 2, Mölnlycke"]
[Date "2015.08.09"]
[Round "3.2"]
[White "Westerberg, Jonathan"]
[Black "Blomqvist, Erik"]
[Result "0-1"]
[WhiteElo "2464"]
[BlackElo "2508"]
[PlyCount "168"]
[EventDate "2015.08.08"]

1. c4 c5 2. Nf3 Nc6 3. Nc3 g6 4. e3 Bg7 5. d4 d6 6. h3 Nf6 7. d5 Na5 8. Be2 O-O
9. O-O e5 10. Qc2 Nh5 11. Nh2 f5 12. a3 b6 13. b4 Nb7 14. Bxh5 gxh5 15. f4 Bd7
16. bxc5 Nxc5 17. fxe5 Bxe5 18. Nf3 Bg7 19. Bb2 Qe7 20. Rae1 Rae8 21. Kh1 Rf7
22. Kg1 Rc8 23. Nd4 Qh4 24. Qd1 Re8 25. Rf4 Qg3 26. Rf3 Qg5 27. Ref1 Rxe3 28.
Bc1 Rxf3 29. Bxg5 Rd3 30. Ncb5 Rxd1 31. Rxd1 Be5 32. Nc6 Ne4 33. Bh4 a6 34.
Nbd4 Nc3 35. Re1 Bxc6 36. Nxc6 Ne4 37. Rb1 Rb7 38. Ne7+ Kf7 39. Nxf5 Nd2 40.
Rc1 Rc7 41. Bf2 b5 42. c5 Nb3 43. Rf1 dxc5 44. Re1 Kf6 45. g4 hxg4 46. hxg4 Bd4
47. Re6+ Kg5 48. d6 Rd7 49. Re7 Rd8 50. d7 Kxg4 51. Nxd4 cxd4 52. Rg7+ Kh5 53.
Rxh7+ Kg6 54. Re7 Kf5 55. Bh4 Nc5 56. Rg7 Rxd7 57. Rg5+ Ke4 58. Rxc5 d3 59. Bg5
d2 60. Bxd2 Rxd2 61. Kf1 Ra2 62. Rc3 Kd4 63. Rg3 Kc5 64. Ke1 Kb6 65. Kd1 Ka5
66. Kc1 Ka4 67. Rg4+ Kxa3 68. Rg6 a5 69. Rg3+ Ka4 70. Kb1 Rh2 71. Rg4+ b4 72.
Rg5 b3 73. Rf5 Kb4 74. Rg5 Rd2 75. Kc1 Rc2+ 76. Kb1 a4 77. Rg4+ Rc4 78. Rg8 a3
79. Rb8+ Kc3 80. Ra8 Rd4 81. Rc8+ Rc4 82. Rb8 Rc7 83. Rf8 a2+ 84. Ka1 b2+ 0-1

[Event "Manhem Chessweek"]
[Site "Biblioteksgatan 2, Mölnlycke"]
[Date "2015.08.09"]
[Round "3.3"]
[White "Hultin, Johan"]
[Black "Rozentalis, Eduardas"]
[Result "0-1"]
[WhiteElo "2355"]
[BlackElo "2528"]
[PlyCount "44"]
[EventDate "2015.08.08"]

1. d4 Nf6 2. c4 e6 3. Nc3 Bb4 4. Nf3 O-O 5. Bg5 d6 6. Qc2 Re8 7. a3 Bxc3+ 8.
Qxc3 Nbd7 9. e3 e5 10. dxe5 dxe5 11. Be2 b6 12. Bxf6 Qxf6 13. O-O Bb7 14. Rfd1
Nc5 15. b4 Ne4 16. Qc2 Nxf2 17. Kxf2 e4 18. Re1 Re6 19. Ra2 exf3 20. Bxf3 Bxf3
21. gxf3 Qh4+ 22. Kf1 Rg6 0-1

[Event "Manhem Chessweek"]
[Site "Biblioteksgatan 2, Mölnlycke"]
[Date "2015.08.09"]
[Round "3.4"]
[White "Johansson, Linus"]
[Black "Smith, Axel"]
[Result "1-0"]
[WhiteElo "2379"]
[BlackElo "2457"]
[PlyCount "111"]
[EventDate "2015.08.08"]

1. d4 e6 2. Nc3 d5 3. e4 Nf6 4. Bg5 dxe4 5. Nxe4 Nbd7 6. Bd3 Be7 7. Qe2 Nxe4 8.
Bxe7 Qxe7 9. Bxe4 c5 10. Nf3 O-O 11. O-O Nf6 12. dxc5 Qxc5 13. a3 Re8 14. c4 e5
15. b4 Qc7 16. c5 Bd7 17. Nd2 Rad8 18. Rfc1 a6 19. a4 Be6 20. Nf3 Nxe4 21. Qxe4
Bd5 22. Qe2 e4 23. Nd4 Qe5 24. Qe3 f5 25. Ne2 Bc4 26. Nf4 Rd4 27. h4 Red8 28.
g3 Kh8 29. Kg2 Bd3 30. c6 bxc6 31. Rxc6 Bc4 32. Rc1 Bg8 33. R1c5 Qb8 34. b5
axb5 35. axb5 Rd3 36. Qc1 Rd2 37. Qc3 e3 38. Qxe3 R2d4 39. Rxf5 Qb7 40. Kh2 Qd7
41. Rfc5 Re8 42. Re5 Rxe5 43. Qxe5 Rd2 44. Rc7 Qg4 45. Kg2 Rd7 46. b6 Rxc7 47.
bxc7 Qd7 48. Qc3 Qc8 49. Nh5 Qg4 50. Qxg7+ Qxg7 51. Nxg7 Bd5+ 52. Kh2 Bb7 53.
Ne8 Bc8 54. Nd6 Be6 55. c8=Q+ Bg8 56. Qc3# 1-0

[Event "Manhem Chessweek"]
[Site "Biblioteksgatan 2, Mölnlycke"]
[Date "2015.08.09"]
[Round "3.5"]
[White "Zelbel, Patrick"]
[Black "Fries-Nielsen, Jens Ove"]
[Result "1-0"]
[WhiteElo "2450"]
[BlackElo "2434"]
[PlyCount "63"]
[EventDate "2015.08.08"]

1. e4 d6 2. d4 a6 3. Nc3 b5 4. Bd3 Nd7 5. Nf3 Bb7 6. O-O Ngf6 7. Re1 e5 8. Nd5
h6 9. a4 c6 10. Nxf6+ Qxf6 11. axb5 axb5 12. Rxa8+ Bxa8 13. Be3 Qd8 14. c4 b4
15. c5 exd4 16. Bxd4 dxc5 17. Be5 Nb6 18. Qe2 Qc8 19. Ra1 Be7 20. Ra7 Bb7 21.
Bxg7 Rg8 22. Be5 Rg6 23. Bg3 Re6 24. Ne5 Bd6 25. Nc4 Bxg3 26. hxg3 Qb8 27. Ra5
Nd7 28. f4 Kf8 29. e5 Nf6 30. Qf3 Ne8 31. Qe3 Qd8 32. f5 1-0

[Event "Manhem Chessweek"]
[Site "Biblioteksgatan 2, Mölnlycke"]
[Date "2015.08.10"]
[Round "4.2"]
[White "Blomqvist, Erik"]
[Black "Hultin, Johan"]
[Result "1-0"]
[WhiteElo "2508"]
[BlackElo "2355"]
[PlyCount "41"]
[EventDate "2015.08.08"]

1. e4 e6 2. d4 d5 3. e5 c5 4. c3 Nc6 5. Nf3 Bd7 6. Bd3 Qb6 7. dxc5 Bxc5 8. O-O
Nh6 9. Qe2 O-O-O 10. b4 Bf8 11. Na3 Ne7 12. Be3 Qc7 13. Bxa7 Ng6 14. g3 f6 15.
Rfe1 Nf7 16. exf6 gxf6 17. Nb5 Bxb5 18. Qxe6+ Qd7 19. Bxb5 Qxe6 20. Rxe6 Nd6
21. Bf1 1-0

[Event "Manhem Chessweek"]
[Site "Biblioteksgatan 2, Mölnlycke"]
[Date "2015.08.10"]
[Round "4.3"]
[White "Wiedenkeller, Michael"]
[Black "Fries-Nielsen, Jens Ove"]
[Result "0-1"]
[WhiteElo "2453"]
[BlackElo "2434"]
[PlyCount "94"]
[EventDate "2015.08.08"]

1. d4 Nf6 2. c4 d6 3. Nc3 Bf5 4. f3 Nc6 5. e4 Bd7 6. Be3 e5 7. d5 Ne7 8. g4 Ng6
9. h4 h6 10. h5 Ne7 11. Nge2 Nh7 12. Ng3 Ng8 13. Qb3 b6 14. O-O-O Be7 15. Kb1
Bg5 16. Bf2 Ne7 17. Qc2 Nf6 18. Bd3 a6 19. Qe2 Qb8 20. Bc2 O-O 21. Nf5 Nxf5 22.
exf5 Qd8 23. Rhg1 Re8 24. Rg2 Qe7 25. Rdg1 b5 26. Be3 Nh7 27. Ne4 Bxe3 28. Qxe3
f6 29. c5 dxc5 30. Nxc5 Ng5 31. Bb3 Kh8 32. Rc1 a5 33. a3 a4 34. Ba2 b4 35.
axb4 Bb5 36. Ne6 Qxb4 37. Nxc7 e4 38. f4 Bd3+ 39. Ka1 Nf3 40. Nxa8 Rxa8 41.
Rgc2 Bxc2 42. Rxc2 Nd4 43. Rc3 a3 44. Qc1 Ne2 45. Rc8+ Kh7 46. Rc4 axb2+ 47.
Qxb2 Qxc4 0-1

[Event "Manhem Chessweek"]
[Site "Biblioteksgatan 2, Mölnlycke"]
[Date "2015.08.10"]
[Round "4.4"]
[White "Smith, Axel"]
[Black "Zelbel, Patrick"]
[Result "1-0"]
[WhiteElo "2457"]
[BlackElo "2450"]
[PlyCount "63"]
[EventDate "2015.08.08"]

1. d4 Nf6 2. c4 e6 3. Nc3 Bb4 4. e3 O-O 5. Nge2 Re8 6. a3 Bf8 7. g3 d5 8. Bg2
c6 9. b3 Nbd7 10. O-O dxc4 11. bxc4 Nb6 12. Qb3 e5 13. Rd1 e4 14. Bb2 Qe7 15.
d5 Bg4 16. Rd4 Rad8 17. Rad1 Qc5 18. dxc6 Rxd4 19. Rxd4 bxc6 20. Nf4 Bd6 21.
Nxe4 Nxe4 22. Bxe4 Be7 23. Nd3 Qh5 24. Bxc6 Rc8 25. Bb7 Rc7 26. Bg2 Qg6 27. Be4
Qh6 28. c5 Nd7 29. c6 Nb6 30. Ne5 Be6 31. Qd1 Qf6 32. Nd7 1-0

[Event "Manhem Chessweek"]
[Site "Biblioteksgatan 2, Mölnlycke"]
[Date "2015.08.10"]
[Round "4.5"]
[White "Rozentalis, Eduardas"]
[Black "Johansson, Linus"]
[Result "1/2-1/2"]
[WhiteElo "2528"]
[BlackElo "2379"]
[PlyCount "70"]
[EventDate "2015.08.08"]

1. e4 e6 2. d4 d5 3. Nd2 Nf6 4. e5 Nfd7 5. Bd3 c5 6. c3 Nc6 7. Ne2 cxd4 8. cxd4
f6 9. exf6 Nxf6 10. Nf3 Bd6 11. O-O Qc7 12. Bd2 O-O 13. Rc1 Bd7 14. Bc3 g6 15.
b4 Qb6 16. Rb1 a6 17. h3 Rae8 18. Ne5 Bc8 19. b5 axb5 20. Bxb5 Qc7 21. Qa4 Ne4
22. Bxc6 bxc6 23. Nd3 c5 24. dxc5 Nxc5 25. Nxc5 Bxc5 26. Rbc1 Qa7 27. Qxa7 Bxa7
28. Bd4 Bb8 29. Nc3 Ba6 30. Rfe1 Bc4 31. Rcd1 Bd6 32. Be5 Bc5 33. Bd4 Bd6 34.
Be5 Bc5 35. Bd4 Bd6 1/2-1/2

[Event "Manhem Chessweek"]
[Site "Biblioteksgatan 2, Mölnlycke"]
[Date "2015.08.11"]
[Round "5.1"]
[White "Westerberg, Jonathan"]
[Black "Wiedenkeller, Michael"]
[Result "1-0"]
[WhiteElo "2464"]
[BlackElo "2453"]
[PlyCount "69"]
[EventDate "2015.08.08"]

1. e4 e5 2. Nf3 Nc6 3. Nc3 Nf6 4. Be2 Bc5 5. Nxe5 Nxe5 6. d4 Bb4 7. dxe5 Nxe4
8. Qd4 Nxc3 9. bxc3 Be7 10. Qg4 g6 11. Bh6 d5 12. Qd4 c6 13. Rb1 Qc7 14. O-O
Be6 15. c4 c5 16. Qf4 O-O-O 17. Bf3 Bf8 18. Bg5 Be7 19. Bxe7 Qxe7 20. Rfd1 dxc4
21. Rd6 Rd7 22. Qe3 Rc7 23. Qa3 a6 24. Rxb7 Rxb7 25. Qxa6 Kb8 26. Bxb7 Qxb7 27.
Rb6 Bc8 28. Rxb7+ Bxb7 29. Qd6+ Ka8 30. h3 c3 31. Qc7 Re8 32. a4 Re6 33. Qxc5
h5 34. Qxc3 Bc6 35. a5 1-0

[Event "Manhem Chessweek"]
[Site "Biblioteksgatan 2, Mölnlycke"]
[Date "2015.08.11"]
[Round "5.2"]
[White "Hultin, Johan"]
[Black "Hillarp Persson, Tiger"]
[Result "1/2-1/2"]
[WhiteElo "2355"]
[BlackElo "2541"]
[PlyCount "80"]
[EventDate "2015.08.08"]

1. d4 g6 2. c4 d6 3. e4 e5 4. Nf3 Nc6 5. d5 Nce7 6. Nc3 Bg7 7. Be2 h6 8. Nd2 f5
9. exf5 gxf5 10. Bh5+ Kf8 11. f4 e4 12. Nf1 Nf6 13. Ng3 c5 14. O-O Nxh5 15.
Nxh5 Bxc3 16. bxc3 Qe8 17. Re1 Qf7 18. Re3 Bd7 19. Rb1 b6 20. Rh3 Ke8 21. a4
Kd8 22. a5 Kc7 23. Be3 Rag8 24. Rb2 Nc8 25. axb6+ axb6 26. Bf2 Rg4 27. Bh4 Rhg8
28. Qa1 Qg6 29. g3 Kb7 30. Bf6 Rf8 31. Bg7 Rg8 32. Bf6 Rf8 33. Bg7 Rf7 34. Bh8
Qg8 35. Bf6 Qe8 36. Bh4 Rg6 37. Qa3 e3 38. Ra2 e2 39. Qa8+ Kc7 40. Ra7+ Nxa7
1/2-1/2

[Event "Manhem Chessweek"]
[Site "Biblioteksgatan 2, Mölnlycke"]
[Date "2015.08.11"]
[Round "5.3"]
[White "Johansson, Linus"]
[Black "Blomqvist, Erik"]
[Result "0-1"]
[WhiteElo "2379"]
[BlackElo "2508"]
[PlyCount "98"]
[EventDate "2015.08.08"]

1. d4 Nf6 2. c4 e6 3. Nc3 Bb4 4. e3 O-O 5. Nge2 d5 6. a3 Be7 7. cxd5 exd5 8. g3
a5 9. Bg2 c6 10. O-O Re8 11. f3 c5 12. g4 h6 13. h4 Ra6 14. Nf4 cxd4 15. exd4
Nc6 16. Re1 Bd6 17. Rxe8+ Nxe8 18. Bf1 Ra8 19. h5 Nc7 20. Be3 Ne6 21. Nxe6 Bxe6
22. Nb5 Bg3 23. Qd2 Qf6 24. Qg2 Bf4 25. Qd2 Bxe3+ 26. Qxe3 Re8 27. Kg2 Re7 28.
Qd2 Bd7 29. Kg3 Nd8 30. Qf4 Qxf4+ 31. Kxf4 Ne6+ 32. Ke5 Kf8 33. Kd6 Bc6 34. Na7
Nxd4 35. Nxc6 bxc6 36. b4 Re6+ 37. Kd7 a4 38. Rd1 Nxf3 39. b5 cxb5 40. Rxd5
Ne5+ 41. Kc7 Nxg4 42. Bxb5 Nf6 43. Rd4 Re5 44. Bxa4 Re3 45. Kd6 Rxa3 46. Rb4
Rd3+ 47. Ke5 Rd5+ 48. Kf4 Nxh5+ 49. Kf3 g6 0-1

[Event "Manhem Chessweek"]
[Site "Biblioteksgatan 2, Mölnlycke"]
[Date "2015.08.11"]
[Round "5.4"]
[White "Zelbel, Patrick"]
[Black "Rozentalis, Eduardas"]
[Result "1/2-1/2"]
[WhiteElo "2450"]
[BlackElo "2528"]
[PlyCount "33"]
[EventDate "2015.08.08"]

1. e4 e6 2. d4 d5 3. Nd2 Nf6 4. e5 Nfd7 5. f4 c5 6. c3 Nc6 7. Ndf3 cxd4 8. cxd4
Bb4+ 9. Bd2 Qb6 10. Bxb4 Qxb4+ 11. Qd2 f6 12. Qxb4 Nxb4 13. Kd2 O-O 14. Ne2 Nb6
15. b3 Bd7 16. Nc3 fxe5 17. fxe5 1/2-1/2

[Event "Manhem Chessweek"]
[Site "Biblioteksgatan 2, Mölnlycke"]
[Date "2015.08.11"]
[Round "5.5"]
[White "Fries-Nielsen, Jens Ove"]
[Black "Smith, Axel"]
[Result "1/2-1/2"]
[WhiteElo "2434"]
[BlackElo "2457"]
[PlyCount "121"]
[EventDate "2015.08.08"]

1. e4 e5 2. Nf3 Nf6 3. d3 Nc6 4. c4 Bc5 5. Be2 d6 6. Nc3 h6 7. O-O O-O 8. h3
Bd7 9. Be3 a5 10. Nxe5 Nxe5 11. d4 Bb4 12. dxe5 Bxc3 13. exf6 Bxf6 14. Qc2 Bc6
15. Rad1 Qe7 16. f3 b6 17. Bd3 Rfe8 18. Rfe1 a4 19. a3 Qe5 20. Re2 Bg5 21. Qd2
Bxe3+ 22. Qxe3 Qc5 23. Qf2 Ra5 24. Rde1 f6 25. Re3 b5 26. Qd2 bxc4 27. Bxc4+
Kf8 28. Rc1 Qb6 29. Kh2 Rc5 30. Rec3 Ree5 31. R1c2 Qb8 32. Ba2 Rxc3 33. Rxc3
Be8 34. Qc2 Re7 35. f4 Bf7 36. Bxf7 Kxf7 37. Kg3 Qb6 38. Kf3 c5 39. Qxa4 Qxb2
40. Qc4+ Kg6 41. Qd3 Qb7 42. g4 Qc6 43. a4 Ra7 44. Rc4 Kf7 45. Qc2 d5 46. exd5
Qxd5+ 47. Re4 Rb7 48. Qc4 Rb3+ 49. Kg2 Qxc4 50. Rxc4 Rb4 51. Rxc5 Rxf4 52. a5
Ra4 53. Rc7+ Kg6 54. Ra7 Ra3 55. a6 f5 56. gxf5+ Kxf5 57. Rxg7 Rxa6 58. Kg3
Rg6+ 59. Rxg6 Kxg6 60. Kg4 Kf6 61. Kh5 1/2-1/2